Normal view
MARC view
- Tumilty, Thomas
Entry Personal Name
001 - CONTROL NUMBER
- control field: 97019
003 - CONTROL NUMBER IDENTIFIER
- control field: NUST
005 - DATE AND TIME OF LATEST TRANSACTION
- control field: 20220812142755.0
008 - FIXED-LENGTH DATA ELEMENTS
- fixed length control field: 220812|| aca||aabn | a|a d
040 ## - CATALOGING SOURCE
- Original cataloging agency: NUST
- Transcribing agency: NUST
100 ## - HEADING--PERSONAL NAME
- Personal name: Tumilty, Thomas
670 ## - SOURCE DATA FOUND
- Source citation: Work cat.: (NUST)175560: Tumilty, Thomas,, AutoCad for electronics :, c1996.
